000 01331nam a22002657a 4500
005 20140508155357.0
008 081021t xxu||||| |||| 00| 0mar d
010 _aMAR-19920
020 _c150.00
_a9788177668834
035 _aMR-12578
037 _bDBAD / PUB
040 _aDPL
_bMR
082 _a823
100 _aफ्लेमिंग, इयान
245 _aडायमंड्स आर फॉरएव्हर /
_cइयान फ्लोमिंग तथा अशोक पाथरकर द्वारा अनुदित
246 _aDiamonds are Forever
_bby Ian Fleming
260 _aपुणे
_bमेहता पब्लिशिंग हाऊस
_c2008
270 _a1941, सदाशिव पेठ,माडीवाले कॉलनी,
_bपुणे
_e30
_k020-24476924
300 _a192 पृ
_b
_c22सेमी (अजिल्द)
490 _a जेम्स बॉड 007
650 _aअंग्रेजी कादंबरी-मराठी में अनुवादित
_vजासुसी तथा रहस्यमय कथा
650 _aEnglish Fiction -Translation in to Marathi
_vDetective and mystries Story
700 _aपाथरकर, अशोक
942 _2ddc
_cMR
_h823
_mफ्लेमिंग
999 _c18112
_d18112